书目信息 |
| 题名: |
中国自闭症教育康复行业发展状况报告
|
|
| 作者: | 王培实 主编 ;五彩鹿儿童行为矫正中心 , 五彩鹿 (北京) 技术培训公司 编著 | |
| 分册: | ||
| 出版信息: | 北京 北京师范大学出版社 2015 |
|
| 页数: | 163页 | |
| 开本: | 25cm | |
| 丛书名: | ||
| 单 册: | ||
| 中图分类: | G766 | |
| 科图分类: | ||
| 主题词: | 小儿疾病--xiao er ji bing--孤独症--精神疗法 | |
| 电子资源: | ||
| ISBN: | 978-7-303-18391-3 | |
| 000 | 01194nam0 2200289 450 | |
| 001 | 012001003699 | |
| 005 | 20131026162418.0 | |
| 010 | @a978-7-303-18391-3@b精装@dCNY88.00 | |
| 099 | @aCAL 012015051893 | |
| 100 | @a20150427d2015 em y0chiy50 ea | |
| 101 | 0 | @achi |
| 102 | @aCN@b110000 | |
| 105 | @ay a 000yy | |
| 106 | @ar | |
| 200 | 1 | @a中国自闭症教育康复行业发展状况报告@Azhong guo zi bi zheng jiao yu kang fu hang ye fa zhan zhuang kuang bao gao@f五彩鹿儿童行为矫正中心, 五彩鹿 (北京) 技术培训有限责任公司编著 |
| 210 | @a北京@c北京师范大学出版社@d2015 | |
| 215 | @a163页@d25cm | |
| 314 | @a主编: 王培实 | |
| 320 | @a有书目 | |
| 330 | @a本书回顾了中国自闭症儿童康复的历史,对自闭症儿童家庭进行了调查,整理了自闭症儿童在训练过程中的变化规律及目前存在的误区,还对相关政策完善提出意见和建议。 | |
| 606 | 0 | @a小儿疾病@Axiao er ji bing@x孤独症@x精神疗法 |
| 690 | @aG766@v5 | |
| 701 | 0 | @a王培实@Awang pei shi@4主编 |
| 712 | 02 | @a五彩鹿儿童行为矫正中心@Awu cai lu er tong xing wei jiao zheng zhong xin@4编著 |
| 712 | 02 | @a五彩鹿 (北京) 技术培训公司@Awu cai lu ( bei jing ) ji shu pei xun gong si@4编著 |
| 801 | 2 | @aCN@b江苏凤凰@c20191020 |
| 905 | @b1227413-6@dG766@e141@f4 | |
| 中国自闭症教育康复行业发展状况报告/五彩鹿儿童行为矫正中心, 五彩鹿 (北京) 技术培训有限责任公司编著.-北京:北京师范大学出版社,2015 |
| 163页;25cm |
| ISBN 978-7-303-18391-3(精装):CNY88.00 |
| 本书回顾了中国自闭症儿童康复的历史,对自闭症儿童家庭进行了调查,整理了自闭症儿童在训练过程中的变化规律及目前存在的误区,还对相关政策完善提出意见和建议。 |
| ● |
| 相关链接 |
|
|
|
|
正题名:中国自闭症教育康复行业发展状况报告
索取号:G766/141
 
预约/预借
| 序号 | 登录号 | 条形码 | 馆藏地/架位号 | 状态 | 备注 |
| 1 | 1227413 | 212274135 | 第一样本阅览室/ [索取号:G766/141] | 在馆 | |
| 2 | 1227414 | 212274144 | 教育系资料室/ [索取号:G766/141] | 在馆 | |
| 3 | 1227415 | 212274153 | 教育系资料室/ [索取号:G766/141] | 在馆 | |
| 4 | 1227416 | 212274162 | 第四借阅区/ [索取号:G766/141] | 在馆 |